| 000 | 00872nam a2200205 i 4500 | ||
|---|---|---|---|
| 001 | 171291 | ||
| 003 | ES-MaACL | ||
| 005 | 20250808000700.0 | ||
| 008 | 090508s1966 sp |||| | spa d | ||
| 080 | _a282(8.03) | ||
| 100 | 1 |
_aEgaña, Antonio de. _9140065 |
|
| 245 | 1 | 0 |
_aHistoria de la Iglesia en la América española : _b: desde el descubrimiento hasta comienzos del siglo XIX : hemisferio sur / _cpor Antonio de Egaña. |
| 260 |
_aMadrid : _bLa Editorial Católica, _c1966. |
||
| 300 |
_aXIII, 1126 p., XXXII p. de lám. : _bil. ; _c20 cm. |
||
| 490 | 1 |
_aBiblioteca de autores cristianos. Sección V, historia y hagiografía ; _v256 |
|
| 651 | 4 |
_aAmérica española- _xHistoria eclesiástica. _9166237 |
|
| 830 | 1 | 0 |
_aBiblioteca de autores cristianos. _pHistoria y hagiografía _v256 _9223165 |
| 852 | 4 |
_aES-MaACL _jJ-251 |
|
| 999 |
_c171291 _d171291 |
||